Countries closest to Paris - Statistics

General Stats
  • This quiz has been taken 144 times
  • The average score is 10 of 10
Answer Stats
Rank Kilometeres Miles Answer % Correct
1 177 110 Belgium
100%
5 281 174 Germany
100%
2 247 153 United Kingdom
99%
3 255 158 Netherlands
98%
4 257 160 Luxembourg
96%
10 705 438 Spain
95%
6 375 233 Switzerland
95%
8 557 346 Austria
93%
7 503 312 Italy
93%
9 563 350 Liechtenstein
80%
No matching quizzes found
Score Distribution
Percent of People with Each Score
Percentile by Number Answered
Your Score History
You have not taken this quiz